[Event "Titled Tuesday intern op 02nd Jan Late"]
[Site "Chess.com INT"]
[Date "2024.01.02"]
[Round "4"]
[White "Karpov, Vadim"]
[Black "Hua, Lefong"]
[Result "0-1"]
[WhiteElo "2297"]
[BlackElo "2305"]
[PlyCount "80"]
[EventDate "2024.01.02"]
[EventType "swiss (blitz)"]
[EventRounds "11"]
[EventCountry "USA"]
[SourceTitle "EXT 2025"]
[Source "ChessBase"]
[SourceDate "2024.10.14"]
[SourceVersion "1"]
[SourceVersionDate "2024.10.14"]
[SourceQuality "1"]

1. Nf3 Nf6 2. c4 g6 3. g3 Bg7 4. Bg2 0-0 5. 0-0 c5 6. Nc3 Nc6 7. d4 d6 8. e3 cxd4 9. Nxd4 Bd7 10. Nde2 a6 11. b3 Rb8 12. a4 a5 13. Bb2 Nb4 14. Rc1 Bc6 15. Qd2 Qd7 16. Rfd1 Bxg2 17. Kxg2 Rfc8 18. Nf4 Qc6+ 19. Ncd5 e6 20. Kg1 exd5 21. cxd5 Qd7 22. Qe2 Rxc1 23. Rxc1 Nfxd5 24. Nxd5 Nxd5 25. Bxg7 Kxg7 26. Qb2+ Kg8 27. Rd1 Nb4 28. Qd4 Qe6 29. Qa7 Nc6 30. Qb6 d5 31. Rc1 Qd7 32. Rd1 Rd8 33. h4 h5 34. Rc1 d4 35. exd4 Nxd4 36. Rc7 Qd5 37. Rc5 Nf3+ 38. Kf1 Qd1+ 39. Kg2 Rd3 40. Rc8+ Kh7 0-1

[Event "Titled Tuesday intern op 04th Jan"]
[Site "Chess.com INT"]
[Date "2022.01.04"]
[Round "5"]
[White "Karpov, Vadim"]
[Black "Aitbayev, Aslan"]
[Result "1-0"]
[WhiteElo "2345"]
[BlackElo "2416"]
[PlyCount "163"]
[EventDate "2022.01.04"]
[EventType "swiss (blitz)"]
[EventRounds "11"]
[EventCountry "USA"]
[SourceTitle "EXT 2023"]
[Source "ChessBase"]
[SourceDate "2022.10.05"]
[SourceVersion "1"]
[SourceVersionDate "2022.10.05"]
[SourceQuality "1"]

1. Nf3 Nf6 2. c4 g6 3. Nc3 Bg7 4. e4 0-0 5. d4 d6 6. Be2 e5 7. 0-0 exd4 8. Nxd4 Re8 9. f3 c6 10. Kh1 d5 11. exd5 cxd5 12. Bg5 Nc6 13. Nxc6 bxc6 14. cxd5 cxd5 15. Bb5 Re6 16. Bxf6 Bxf6 17. Qxd5 Qxd5 18. Nxd5 Rb8 19. Rac1 Bxb2 20. Rc7 Rxb5 21. Rxc8+ Kg7 22. Nc7 Rbe5 23. Nxe6+ Rxe6 24. Rc2 Bd4 25. g3 h5 26. Kg2 Ra6 27. Rd1 Ra4 28. h4 Kf6 29. Re2 Bb6 30. Rdd2 Rc4 31. Rc2 Rd4 32. Rc6+ Kg7 33. Kh3 Rd3 34. Kg2 Ra3 35. Rcc2 Rd3 36. Rc4 Kf6 37. Rec2 Kg7 38. R4c3 Rd1 39. a4 Ra1 40. Rc4 Ra3 41. Re4 Kf6 42. Rd2 Kg7 43. Rf4 f5 44. Rd7+ Kf6 45. Rc4 Ke6 46. Rg7 Kd5 47. Rb4 Bc5 48. Rb5 Rxa4 49. Rxg6 Ra2+ 50. Kh3 Kc4 51. Rb8 Bg1 52. g4 f4 53. gxh5 Rh2+ 54. Kg4 Bf2 55. Kf5 Rxh4 56. Rg5 a5 57. Rc8+ Kb3 58. Rg4 Rxh5+ 59. Kxf4 a4 60. Rb8+ Ka2 61. Ke4 Bc5 62. Rg2+ Ka3 63. Rc8 Rh4+ 64. f4 Bd6 65. Rf2 Kb3 66. Rd8 Bc7 67. Rd7 Ba5 68. Rd3+ Kc4 69. Rd4+ Kb5 70. Rg2 Bc7 71. Rg5+ Kb6 72. Rg6+ Kb5 73. Rf6 a3 74. Rf5+ Kc6 75. Rc4+ Kd7 76. Rf7+ Ke6 77. Rfxc7 a2 78. Ra7 Rh2 79. Ra6+ Kd7 80. Rca4 Re2+ 81. Kf3 a1Q 82. Rxa1 1-0

[Event "Titled Tuesday intern op 04th Jan"]
[Site "Chess.com INT"]
[Date "2022.01.04"]
[Round "7"]
[White "Karpov, Vadim"]
[Black "Golubenko, Valentina"]
[Result "1-0"]
[WhiteElo "2345"]
[BlackElo "2209"]
[PlyCount "87"]
[EventDate "2022.01.04"]
[EventType "swiss (blitz)"]
[EventRounds "11"]
[EventCountry "USA"]
[SourceTitle "EXT 2023"]
[Source "ChessBase"]
[SourceDate "2022.10.05"]
[SourceVersion "1"]
[SourceVersionDate "2022.10.05"]
[SourceQuality "1"]

1. Nf3 g6 2. g3 Bg7 3. Bg2 d5 4. 0-0 c5 5. d3 Nc6 6. e4 Nf6 7. Nbd2 0-0 8. Re1 e5 9. a3 dxe4 10. dxe4 Be6 11. c3 Qc7 12. Qc2 Rad8 13. Ng5 Bc8 14. Nc4 b5 15. Ne3 h6 16. Nf3 Bb7 17. a4 b4 18. Nd2 bxc3 19. bxc3 Ba6 20. Ndc4 Na5 21. Bf1 Bb7 22. f3 Nxc4 23. Bxc4 Kh7 24. Ba3 h5 25. Rad1 Rxd1 26. Rxd1 Bh6 27. Bc1 Bc6 28. Bb5 Bxb5 29. axb5 Rd8 30. c4 Rd4 31. Nd5 Nxd5 32. exd5 Bxc1 33. Qxc1 Qd6 34. Re1 Qf6 35. Kg2 h4 36. Re4 Rxe4 37. fxe4 hxg3 38. hxg3 Kg7 39. Qe3 g5 40. Qxc5 g4 41. Qe3 Qd6 42. c5 Qb8 43. Qe2 Qc8 44. c6 1-0

[Event "Titled Tuesday intern op 21st Dec"]
[Site "Chess.com INT"]
[Date "2021.12.21"]
[Round "4"]
[White "Karpov, Vadim"]
[Black "Bryakin, Mikhail"]
[Result "0-1"]
[WhiteElo "2345"]
[BlackElo "2502"]
[PlyCount "116"]
[EventDate "2021.12.21"]
[EventType "swiss (blitz)"]
[EventRounds "11"]
[EventCountry "USA"]
[SourceTitle "CBM 205 Extra"]
[Source "ChessBase"]
[SourceDate "2022.01.31"]
[SourceVersion "1"]
[SourceVersionDate "2022.01.31"]
[SourceQuality "1"]

1. Nf3 c5 2. e3 Nf6 3. b3 b6 4. Bb2 Bb7 5. Be2 e6 6. c4 Be7 7. 0-0 0-0 8. Nc3 d5 9. cxd5 Nxd5 10. Nxd5 Qxd5 11. d3 Nc6 12. Rc1 Rfd8 13. Qd2 Rac8 14. Rfd1 f6 15. Ne1 Qg5 16. Bf3 Rd7 17. Qe2 Rcd8 18. a3 Na5 19. Bxb7 Rxb7 20. Qc2 Qd5 21. Rb1 Qxb3 22. Qxb3 Nxb3 23. Bxf6 Bxf6 24. Rxb3 Rbd7 25. Rc1 Kf7 26. Kf1 h5 27. Ke2 g5 28. h3 g4 29. hxg4 hxg4 30. Rc4 Rg8 31. g3 e5 32. a4 Ke6 33. Nc2 Rb8 34. Rxg4 Rh8 35. e4 Rh1 36. Ne3 Ra1 37. Nd5 Kf7 38. f4 Rxa4 39. Nxf6 Kxf6 40. fxe5+ Kxe5 41. Rg5+ Kd4 42. Rg8 Ra2+ 43. Kf3 Rd2 44. Rf8 Rxd3+ 45. Rxd3+ Kxd3 46. e5 c4 47. Kf4 c3 48. Rc8 b5 49. e6 Re7 50. Ke5 b4 51. Rd8+ Kc2 52. Rd7 Re8 53. e7 b3 54. Ke6 b2 55. Rb7 b1Q 56. Rxb1 Kxb1 57. Kf7 Rxe7+ 58. Kxe7 c2 0-1

[Event "Titled Tuesday intern op 21st Dec"]
[Site "Chess.com INT"]
[Date "2021.12.21"]
[Round "8"]
[White "Karpov, Vadim"]
[Black "Langner, Ladislav"]
[Result "1-0"]
[WhiteElo "2345"]
[BlackElo "2370"]
[PlyCount "53"]
[EventDate "2021.12.21"]
[EventType "swiss (blitz)"]
[EventRounds "11"]
[EventCountry "USA"]
[SourceTitle "CBM 205 Extra"]
[Source "ChessBase"]
[SourceDate "2022.01.31"]
[SourceVersion "1"]
[SourceVersionDate "2022.01.31"]
[SourceQuality "1"]

1. Nf3 Nf6 2. c4 g6 3. Nc3 d5 4. g3 dxc4 5. Qa4+ Nfd7 6. Qxc4 Nb6 7. Qh4 e6 8. Qxd8+ Kxd8 9. d3 Bg7 10. Bg2 Nc6 11. Bg5+ f6 12. Bd2 e5 13. 0-0 Be6 14. Rfc1 Bf8 15. Be3 Bd6 16. Nd2 Rb8 17. Nde4 Ke7 18. Nc5 Rhc8 19. Nxb7 Rxb7 20. Bxc6 Rbb8 21. Bf3 c6 22. Ne4 Bd5 23. Nxd6 Kxd6 24. Bc5+ Ke6 25. e4 Na4 26. exd5+ cxd5 27. Ba3 1-0

[Event "Titled Tuesday intern op 21st Dec"]
[Site "Chess.com INT"]
[Date "2021.12.21"]
[Round "2"]
[White "Karpov, Vadim"]
[Black "Postny, Evgeny"]
[Result "1-0"]
[WhiteElo "2345"]
[BlackElo "2557"]
[PlyCount "115"]
[EventDate "2021.12.21"]
[EventType "swiss (blitz)"]
[EventRounds "11"]
[EventCountry "USA"]
[SourceTitle "CBM 205 Extra"]
[Source "ChessBase"]
[SourceDate "2022.01.31"]
[SourceVersion "1"]
[SourceVersionDate "2022.01.31"]
[SourceQuality "1"]

1. Nf3 d5 2. d4 Nf6 3. c4 c6 4. e3 Bg4 5. h3 Bxf3 6. Qxf3 e6 7. Nc3 Nbd7 8. Bd3 Bd6 9. Qe2 Qe7 10. 0-0 0-0 11. e4 dxc4 12. Bxc4 e5 13. Be3 exd4 14. Bxd4 Be5 15. Rfd1 Rfe8 16. a3 Bxd4 17. Rxd4 Rad8 18. Rad1 Ne5 19. Bb3 h6 20. f4 Rxd4 21. Rxd4 Qc5 22. Qf2 Ng6 23. e5 Nd5 24. Nxd5 cxd5 25. Rxd5 Qxf2+ 26. Kxf2 Nxf4 27. Rd7 Rxe5 28. Rxf7 Nd3+ 29. Kg3 Re3+ 30. Kh2 Kh7 31. Rxb7 Nf4 32. Bc2+ Kg8 33. Rb8+ Kf7 34. Rb4 Nxg2 35. Bb3+ Kf6 36. Kxg2 Re2+ 37. Kf3 Rxb2 38. Rf4+ Ke5 39. Re4+ Kf5 40. Be6+ Kf6 41. Bd7 Rb3+ 42. Re3 Rb1 43. a4 Rf1+ 44. Kg2 Rc1 45. Bb5 Rc2+ 46. Kg3 Rc5 47. Rf3+ Kg5 48. Rd3 h5 49. h4+ Kf6 50. Rd6+ Ke5 51. Rg6 Rc3+ 52. Kf2 Rh3 53. Rg5+ Kf4 54. Rxh5 Rh2+ 55. Ke1 Ke3 56. Re5+ Kd4 57. Rh5 Ke3 58. Kd1 1-0

[Event "Titled Tuesday intern op 15th June"]
[Site "Chess.com INT"]
[Date "2021.06.15"]
[Round "6"]
[White "Goryachkina, Aleksandra"]
[Black "Karpov, Vadim"]
[Result "1-0"]
[WhiteElo "2596"]
[BlackElo "2349"]
[PlyCount "77"]
[EventDate "2021.06.15"]
[EventType "swiss (blitz)"]
[EventRounds "11"]
[EventCountry "USA"]
[SourceTitle "CBM 203 Extra"]
[Source "ChessBase"]
[SourceDate "2021.09.30"]
[SourceVersion "1"]
[SourceVersionDate "2021.09.30"]
[SourceQuality "1"]

1. e4 c6 2. d4 d5 3. e5 Bf5 4. Nf3 e6 5. Be2 Ne7 6. 0-0 Nd7 7. Nbd2 Bg6 8. Nb3 Nc8 9. a4 Be7 10. a5 a6 11. Ne1 0-0 12. Bd3 c5 13. Bxg6 hxg6 14. c3 Na7 15. Be3 Rc8 16. Qg4 Nb5 17. Nf3 Nb8 18. Bg5 cxd4 19. cxd4 Rc6 20. Bxe7 Qxe7 21. Ng5 f6 22. Nh3 g5 23. f4 Qb4 24. fxg5 Qxb3 25. gxf6 Qe3+ 26. Kh1 Qh6 27. Rf4 Nd7 28. Raf1 Nxd4 29. f7+ Rxf7 30. Rxf7 Nxe5 31. Rf8+ Kh7 32. Qxd4 Ng6 33. Qd3 Rc1 34. R8f2 Kg8 35. Rxc1 Qxc1+ 36. Rf1 Qh6 37. b4 Ne5 38. Qg3 Nc4 39. Ng5 1-0

[Event "Titled Tuesday intern op 15th June"]
[Site "Chess.com INT"]
[Date "2021.06.15"]
[Round "9"]
[White "Karpov, Vadim"]
[Black "Lauridsen, Jesper Morch"]
[Result "1-0"]
[WhiteElo "2349"]
[BlackElo "2215"]
[PlyCount "62"]
[EventDate "2021.06.15"]
[EventType "swiss (blitz)"]
[EventRounds "11"]
[EventCountry "USA"]
[SourceTitle "CBM 203 Extra"]
[Source "ChessBase"]
[SourceDate "2021.09.30"]
[SourceVersion "1"]
[SourceVersionDate "2021.09.30"]
[SourceQuality "1"]

1. Nf3 d5 2. d4 Nf6 3. c4 e6 4. Nc3 Bb4 5. e3 0-0 6. Bd3 c5 7. cxd5 Nxd5 8. Bd2 Nc6 9. 0-0 cxd4 10. exd4 Bxc3 11. bxc3 f5 12. Re1 Bd7 13. c4 Ndb4 14. Bf1 a5 15. a3 Na6 16. Rb1 b6 17. d5 exd5 18. cxd5 Ncb8 19. Bg5 Qc7 20. d6 Qb7 21. Bc4+ Kh8 22. Ne5 Be8 23. Be7 Rf6 24. Bd5 Nc6 25. Bxf6 gxf6 26. Nxc6 Bxc6 27. Re7 Bxd5 28. Rxb7 Bxb7 29. Rxb6 Nc5 30. Qd4 Re8 31. h4 Rg8 1-0

[Event "Titled Tuesday intern op 25th Aug"]
[Site "Chess.com INT"]
[Date "2020.08.25"]
[Round "6"]
[White "Poliannikov, Danila"]
[Black "Karpov, Vadim"]
[Result "1-0"]
[WhiteElo "2226"]
[BlackElo "2338"]
[PlyCount "175"]
[EventDate "2020.08.25"]
[EventType "swiss (blitz)"]
[EventRounds "10"]
[EventCountry "USA"]
[SourceTitle "CBM 198 Extra"]
[Source "ChessBase"]
[SourceDate "2020.11.30"]
[SourceVersion "1"]
[SourceVersionDate "2020.11.30"]
[SourceQuality "1"]

1. Nf3 Nf6 2. c4 e6 3. b3 d5 4. Bb2 Be7 5. g3 0-0 6. Bg2 b6 7. 0-0 Bb7 8. d4 Nbd7 9. Nc3 c5 10. cxd5 Nxd5 11. Nxd5 Bxd5 12. Rc1 Rc8 13. e3 Bf6 14. Qe2 Be4 15. Rfd1 Qe7 16. Ba3 Rfd8 17. Nd2 Bxg2 18. Kxg2 Qd6 19. Qf3 Qd5 20. e4 Qb7 21. e5 Qxf3+ 22. Nxf3 Be7 23. Rc2 Kf8 24. Rdc1 a5 25. Nd2 Rb8 26. dxc5 Bxc5 27. Bxc5+ Nxc5 28. Nc4 Nd3 29. Rb1 b5 30. Nxa5 Nxe5 31. Re2 Ra8 32. Nb7 Rd5 33. Rc1 g5 34. Rc7 g4 35. Nc5 Nf3 36. h3 h5 37. hxg4 hxg4 38. Nxe6+ fxe6 39. Re4 Ne5 40. Rf4+ Kg8 41. Re7 Ra6 42. a4 bxa4 43. bxa4 Rc6 44. Rf6 Rd1 45. Rexe6 Nf3 46. Re8+ Kg7 47. Rxf3 gxf3+ 48. Kxf3 Rd3+ 49. Kg4 Ra3 50. f4 Kf6 51. Rf8+ Kg7 52. Re8 Rxa4 53. Re3 Rg6+ 54. Kf3 Raa6 55. Rb3 Rab6 56. Rc3 Rbc6 57. Re3 Rcd6 58. Ra3 Rde6 59. Ra7+ Kh6 60. f5 Rgf6 61. Kg4 Re5 62. Ra4 Rexf5 63. Kh3 Rh5+ 64. Kg2 Rg5 65. Ra8 Rfg6 66. Rh8+ Kg7 67. Ra8 Rxg3+ 68. Kf2 R3g5 69. Kf3 Rh6 70. Kf4 Kg6 71. Ra6+ Kh5 72. Ra1 Rf6+ 73. Ke4 Kg6 74. Ra8 Rb6 75. Rc8 Rb4+ 76. Kf3 Rh4 77. Rc6+ Kh5 78. Rc8 Rh3+ 79. Kf4 Rh4+ 80. Kf3 Kg6 81. Rg8+ Kf6 82. Ra8 Rf5+ 83. Kg3 Rb4 84. Ra6+ Kg5 85. Ra8 Rb3+ 86. Kg2 Kg4 87. Ra4+ Rf4 88. Ra8 1-0

[Event "Titled Tuesday intern op 25th Aug"]
[Site "Chess.com INT"]
[Date "2020.08.25"]
[Round "9"]
[White "Sokolin, Leonid M"]
[Black "Karpov, Vadim"]
[Result "1/2-1/2"]
[WhiteElo "2497"]
[BlackElo "2338"]
[PlyCount "76"]
[EventDate "2020.08.25"]
[EventType "swiss (blitz)"]
[EventRounds "10"]
[EventCountry "USA"]
[SourceTitle "CBM 198 Extra"]
[Source "ChessBase"]
[SourceDate "2020.11.30"]
[SourceVersion "1"]
[SourceVersionDate "2020.11.30"]
[SourceQuality "1"]

1. e4 e6 2. d4 d5 3. Nd2 dxe4 4. Nxe4 Bd7 5. Nf3 Bc6 6. Bd3 Nd7 7. 0-0 Ngf6 8. Neg5 Bd6 9. Re1 0-0 10. Ne5 h6 11. Nxc6 bxc6 12. Ne4 c5 13. Be3 Nd5 14. c3 Nxe3 15. fxe3 Be7 16. Bc2 cxd4 17. exd4 c5 18. d5 exd5 19. Qxd5 Nf6 20. Qf5 g6 21. Qf4 Nxe4 22. Bxe4 Bg5 23. Qf3 Rb8 24. Rad1 Qf6 25. b3 Qxf3 26. Bxf3 Rfd8 27. Kf2 Bd2 28. Re7 Bxc3 29. Rxa7 Rxd1 30. Bxd1 Bd4+ 31. Kf3 Kg7 32. Be2 c4 33. Rd7 cxb3 34. Rxd4 b2 35. Bd3 b1Q 36. Bxb1 Rxb1 37. Ra4 Rb2 38. h3 h5 1/2-1/2

[Event "Titled Tuesday intern op 11th Aug"]
[Site "Chess.com INT"]
[Date "2020.08.11"]
[Round "6"]
[White "Altman, Joshua"]
[Black "Karpov, Vadim"]
[Result "1-0"]
[WhiteElo "1926"]
[BlackElo "2338"]
[PlyCount "37"]
[EventDate "2020.08.11"]
[EventType "swiss (blitz)"]
[EventRounds "10"]
[EventCountry "USA"]
[SourceTitle "CBM 197 Extra"]
[Source "ChessBase"]
[SourceDate "2020.09.30"]
[SourceVersion "1"]
[SourceVersionDate "2020.09.30"]
[SourceQuality "1"]

1. d4 Nf6 2. c4 e6 3. Nf3 Bb4+ 4. Nbd2 0-0 5. g3 b6 6. Bg2 Bb7 7. 0-0 d5 8. Ne5 Be7 9. cxd5 exd5 10. Ndc4 c6 11. Ne3 Nbd7 12. Nf5 Re8 13. Bg5 h6 14. Bxh6 gxh6 15. Nxh6+ Kg7 16. Nhxf7 Qc7 17. Qd2 Nf8 18. Qh6+ Kg8 19. Qh8# 1-0

[Event "Titled Tuesday intern op 11th Aug"]
[Site "Chess.com INT"]
[Date "2020.08.11"]
[Round "1"]
[White "Karpov, Vadim"]
[Black "Darini, Pouria"]
[Result "0-1"]
[WhiteElo "2338"]
[BlackElo "2432"]
[PlyCount "74"]
[EventDate "2020.08.11"]
[EventType "swiss (blitz)"]
[EventRounds "10"]
[EventCountry "USA"]
[SourceTitle "CBM 197 Extra"]
[Source "ChessBase"]
[SourceDate "2020.09.30"]
[SourceVersion "1"]
[SourceVersionDate "2020.09.30"]
[SourceQuality "1"]

1. d4 Nf6 2. c4 g6 3. Nc3 d5 4. cxd5 Nxd5 5. e3 Nxc3 6. bxc3 Bg7 7. Nf3 0-0 8. Be2 c5 9. 0-0 b6 10. a4 Nc6 11. Ba3 Bb7 12. dxc5 Bxc3 13. Rb1 Qxd1 14. Rfxd1 Ba5 15. cxb6 axb6 16. Nd4 Rfd8 17. Bf3 Nxd4 18. Bxb7 Ra7 19. Rxd4 Rxd4 20. exd4 Rxb7 21. d5 Rd7 22. Rd1 f5 23. Kf1 Kf7 24. Ke2 Rc7 25. Rd3 Rc4 26. d6 exd6 27. Rxd6 Rxa4 28. Rd7+ Ke6 29. Rd6+ Ke5 30. Rd3 Re4+ 31. Kf3 Rf4+ 32. Ke3 Re4+ 33. Kf3 Rc4 34. Bb2+ Ke6 35. Ba3 Bb4 36. Bb2 Bc5 37. Rb3 Rc2 0-1

[Event "Titled Tuesday intern op 21st April"]
[Site "Chess.com INT"]
[Date "2020.04.21"]
[Round "5"]
[White "Mustaps, Matiss"]
[Black "Karpov, Vadim"]
[Result "1/2-1/2"]
[WhiteElo "2370"]
[BlackElo "2338"]
[PlyCount "102"]
[EventDate "2020.04.21"]
[EventType "swiss (blitz)"]
[EventRounds "10"]
[EventCountry "USA"]
[SourceTitle "EXT 2021"]
[Source "ChessBase"]
[SourceDate "2020.10.23"]
[SourceVersion "1"]
[SourceVersionDate "2020.10.23"]
[SourceQuality "1"]

1. e4 e5 2. Nf3 Nf6 3. Nxe5 d6 4. Nf3 Nxe4 5. Nc3 Nxc3 6. dxc3 Be7 7. Bf4 Nc6 8. Qd2 Be6 9. 0-0-0 Qd7 10. h4 h6 11. Kb1 a6 12. h5 0-0-0 13. Nd4 Nxd4 14. cxd4 d5 15. f3 Bd6 16. Bd3 Bxf4 17. Qxf4 Qd6 18. Qxd6 Rxd6 19. Rde1 Rdd8 20. Re5 Rde8 21. Kc1 c6 22. a4 a5 23. Kd2 f6 24. Rxe6 Rxe6 25. Bf5 Kd7 26. Re1 Rhe8 27. Re3 Kd6 28. Bxe6 Rxe6 29. Ke2 Rxe3+ 30. Kxe3 Ke6 31. Kf4 f5 32. b3 Kf6 33. g3 Ke6 34. g4 fxg4 35. fxg4 Kf6 36. c3 g5+ 37. hxg6 Kxg6 38. c4 Kf6 39. c5 Kg6 40. Ke5 Kg5 41. Kd6 Kxg4 42. Kc7 h5 43. Kxb7 h4 44. Kxc6 h3 45. Kb7 h2 46. c6 h1Q 47. c7 Qh7 48. Kb8 Qh2 49. Kb7 Qh7 50. Kb8 Qh2 51. Kb7 Qh7 1/2-1/2

[Event "Titled Tuesday intern op 14th April"]
[Site "Chess.com INT"]
[Date "2020.04.14"]
[Round "5"]
[White "Chylewski, Patryk"]
[Black "Karpov, Vadim"]
[Result "0-1"]
[WhiteElo "2344"]
[BlackElo "2338"]
[PlyCount "69"]
[EventDate "2020.04.14"]
[EventType "swiss (blitz)"]
[EventRounds "10"]
[EventCountry "USA"]
[SourceTitle "EXT 2021"]
[Source "ChessBase"]
[SourceDate "2020.10.23"]
[SourceVersion "1"]
[SourceVersionDate "2020.10.23"]
[SourceQuality "1"]

1. d4 Nf6 2. c4 e6 3. Nf3 d5 4. g3 Be7 5. Bg2 0-0 6. 0-0 dxc4 7. Ne5 c5 8. dxc5 Qc7 9. Nxc4 Qxc5 10. b3 Qc7 11. Bf4 Qd8 12. Qc2 Nc6 13. Rd1 Bd7 14. Nc3 Rc8 15. Qb2 Nh5 16. Be3 Nf6 17. Nb5 Nd5 18. Bxd5 exd5 19. Rxd5 Bf6 20. Qd2 Bxa1 21. Rxd7 Qf6 22. Bg5 Qg6 23. Rxb7 h6 24. Bf4 Rcd8 25. Nbd6 Nd4 26. Qe3 Ne6 27. Rxa7 Bd4 28. Qf3 Bxa7 29. Be5 Ng5 30. Qc6 Nh3+ 31. Kg2 Nxf2 32. b4 Ng4 33. b5 Nxe5 34. Nxe5 Qxd6 35. Qxd6 0-1

[Event "Titled Tuesday intern op 14th April"]
[Site "Chess.com INT"]
[Date "2020.04.14"]
[Round "2"]
[White "Halkias, Stelios"]
[Black "Karpov, Vadim"]
[Result "0-1"]
[WhiteElo "2563"]
[BlackElo "2338"]
[PlyCount "160"]
[EventDate "2020.04.14"]
[EventType "swiss (blitz)"]
[EventRounds "10"]
[EventCountry "USA"]
[SourceTitle "EXT 2021"]
[Source "ChessBase"]
[SourceDate "2020.10.23"]
[SourceVersion "1"]
[SourceVersionDate "2020.10.23"]
[SourceQuality "1"]

1. Nf3 Nf6 2. c4 e6 3. g3 d5 4. d4 Be7 5. Bg2 0-0 6. 0-0 dxc4 7. Qc2 a6 8. a4 Bd7 9. Rd1 a5 10. Qxc4 Bc6 11. Nc3 Na6 12. Bg5 Bxf3 13. Bxf3 c6 14. Bxf6 Bxf6 15. e3 Nb4 16. Kg2 g6 17. Rac1 Bg7 18. h4 h5 19. Ne4 Qe7 20. Nc5 Rfd8 21. Be4 Rac8 22. Qe2 e5 23. dxe5 Qxe5 24. Rxd8+ Rxd8 25. Bf3 Qxb2 26. Qxb2 Bxb2 27. Rb1 Rd2 28. Nxb7 Nd3 29. Rf1 Bc3 30. Bxc6 Ra2 31. Bb5 Ne1+ 32. Kh3 Nf3 33. Nc5 Nd2 34. Rc1 Bb4 35. Nd3 Ne4 36. Kg2 Bd2 37. Rc8+ Kg7 38. Rc7 Bxe3 39. Rxf7+ Kxf7 40. Bc4+ Kf6 41. Bxa2 Bd4 42. Bc4 Nc5 43. Nf4 Be5 44. Nd5+ Kg7 45. Bb5 Bd4 46. f4 Ne4 47. Kf3 Nc3 48. Nc7 Bb6 49. Na8 Bd8 50. Bc6 Kf6 51. Ke3 Nd1+ 52. Ke2 Nc3+ 53. Kd3 Na2 54. Kc4 Nb4 55. Bf3 Nc2 56. Kb5 Ne3 57. Nb6 Nf5 58. Nd5+ Ke6 59. Nc3 Nd4+ 60. Kc4 Nxf3 61. Ne4 Kf5 62. Nf2 Nxh4 63. gxh4 Kxf4 64. Nd3+ Kg4 65. Ne5+ Kxh4 66. Nxg6+ Kg5 67. Ne5 h4 68. Nf3+ Kg4 69. Nxh4 Kxh4 70. Kd5 Kg4 71. Ke6 Kf4 72. Kd7 Ke4 73. Kxd8 Kd4 74. Ke7 Kc4 75. Kf6 Kb4 76. Ke5 Kxa4 77. Kd4 Kb3 78. Kd3 a4 79. Kd2 a3 80. Kd3 a2 0-1

[Event "Titled Tuesday intern op 14th April"]
[Site "Chess.com INT"]
[Date "2020.04.14"]
[Round "6"]
[White "Karpov, Vadim"]
[Black "Parvanyan, Ashot"]
[Result "1-0"]
[WhiteElo "2338"]
[BlackElo "2449"]
[PlyCount "91"]
[EventDate "2020.04.14"]
[EventType "swiss (blitz)"]
[EventRounds "10"]
[EventCountry "USA"]
[SourceTitle "EXT 2021"]
[Source "ChessBase"]
[SourceDate "2020.10.23"]
[SourceVersion "1"]
[SourceVersionDate "2020.10.23"]
[SourceQuality "1"]

1. Nf3 Nf6 2. c4 g6 3. Nc3 Bg7 4. d4 0-0 5. e4 d6 6. Be2 Bg4 7. Be3 Nfd7 8. 0-0 Nc6 9. Rc1 e5 10. d5 Bxf3 11. Bxf3 Nd4 12. Nb5 Nxf3+ 13. Qxf3 a6 14. Nc3 f5 15. Rce1 f4 16. Bc1 Nf6 17. Qe2 f3 18. Qxf3 Nxd5 19. Qd3 Nf4 20. Bxf4 exf4 21. f3 c6 22. b3 Qa5 23. Rc1 Rad8 24. a4 Qb6+ 25. Kh1 Qxb3 26. Rfd1 Qb4 27. g3 Be5 28. Kg2 Kg7 29. Rc2 Qc5 30. Rb1 Rf7 31. Ne2 g5 32. g4 Re8 33. h4 h6 34. h5 Qa5 35. Qb3 Qc5 36. Qd3 Rd8 37. Rb3 Qa5 38. Ra2 Qc5 39. Rb1 Kh8 40. Rc2 Bg7 41. e5 Qxe5 42. Nc3 d5 43. cxd5 cxd5 44. Rb6 Qe3 45. Qg6 Bxc3 46. Qxf7 1-0

[Event "Titled Tuesday intern op 14th April"]
[Site "Chess.com INT"]
[Date "2020.04.14"]
[Round "4"]
[White "Karpov, Vadim"]
[Black "Ynojosa Aponte, Felix Jose"]
[Result "0-1"]
[WhiteElo "2338"]
[BlackElo "2393"]
[PlyCount "108"]
[EventDate "2020.04.14"]
[EventType "swiss (blitz)"]
[EventRounds "10"]
[EventCountry "USA"]
[SourceTitle "EXT 2021"]
[Source "ChessBase"]
[SourceDate "2020.10.23"]
[SourceVersion "1"]
[SourceVersionDate "2020.10.23"]
[SourceQuality "1"]

1. Nf3 c5 2. c4 Nc6 3. Nc3 e5 4. g3 Nf6 5. Bg2 Be7 6. d3 h6 7. 0-0 0-0 8. Ne1 d6 9. Nc2 Be6 10. Ne3 Rb8 11. Rb1 a6 12. b3 Qd7 13. Re1 b5 14. Bb2 b4 15. Ncd5 a5 16. a4 bxa3 17. Bxa3 Nb4 18. Bxb4 axb4 19. Nxf6+ Bxf6 20. Nd5 Bxd5 21. Bxd5 g6 22. e4 Kh7 23. Ra1 Bg7 24. Ra6 f5 25. Qa1 f4 26. Kg2 f3+ 27. Kh1 Qh3 28. Rg1 Qh5 29. Ra7 Qg5 30. Qc1 Qg4 31. Ra6 Rf6 32. Qf1 h5 33. h3 Qg5 34. Qc1 Qxc1 35. Rxc1 g5 36. Rca1 g4 37. h4 Bh6 38. Kg1 Bd2 39. Ra7+ Kh6 40. R1a6 Rd8 41. Re7 Kg6 42. Raa7 Rh8 43. Red7 Bc1 44. Ra6 Bb2 45. Kf1 Bc3 46. Raa7 Kh6 47. Rg7 Bd2 48. Bg8 Rf8 49. Bh7 Rxh7 50. Rxh7+ Kg6 51. Rag7+ Kf6 52. Rd7 Ke6 53. Ra7 Re8 54. Rh6+ Bxh6 0-1

[Event "Titled Tuesday intern op 14th April"]
[Site "Chess.com INT"]
[Date "2020.04.14"]
[Round "9"]
[White "Skawinski, Arkadiusz"]
[Black "Karpov, Vadim"]
[Result "1/2-1/2"]
[WhiteElo "2384"]
[BlackElo "2338"]
[PlyCount "84"]
[EventDate "2020.04.14"]
[EventType "swiss (blitz)"]
[EventRounds "10"]
[EventCountry "USA"]
[SourceTitle "EXT 2021"]
[Source "ChessBase"]
[SourceDate "2020.10.23"]
[SourceVersion "1"]
[SourceVersionDate "2020.10.23"]
[SourceQuality "1"]

1. e4 e5 2. Nf3 Nc6 3. Bb5 a6 4. Ba4 Nf6 5. 0-0 Be7 6. d3 d6 7. c3 0-0 8. Re1 b5 9. Bc2 Re8 10. d4 h6 11. Nbd2 Bb7 12. d5 Nb8 13. b3 c6 14. c4 Nbd7 15. a4 bxc4 16. bxc4 a5 17. Ba3 Qc7 18. Bd3 Reb8 19. Qe2 Nc5 20. Bxc5 dxc5 21. Nh4 Bc8 22. dxc6 Qxc6 23. Nf5 Bxf5 24. exf5 Rb2 25. Qf3 Rc8 26. Ne4 Nxe4 27. Bxe4 Qf6 28. Rab1 Rcb8 29. Rxb2 Rxb2 30. Rb1 Rxb1+ 31. Bxb1 e4 32. Qxe4 Qa1 33. g3 Bf6 34. Qe8+ Kh7 35. Qb5 Qb2 36. Qxb2 Bxb2 37. Kg2 Kg8 38. Kf3 Kf8 39. Ke4 Ke7 40. Kd5 Ba3 41. h4 Bb4 42. Ke4 f6 1/2-1/2